| 000 | 00977nam2a22002651 4500 | ||
|---|---|---|---|
| 001 | rc\145684 | ||
| 005 | 20250612170304.0 | ||
| 010 |
_a5-88132-186-3 _910000 |
||
| 035 | _a(NLR Aleph) 008741188 | ||
| 090 |
_a9532522 _c9532522 |
||
| 100 | _a20030307d1997 |||y0rusy50 ca | ||
| 101 | 0 | _arus | |
| 102 | _aRU | ||
| 105 | _aa ||||||||| | ||
| 200 | 1 |
_aВнутренний враг _dThe enemy within _e[Роман _fПер. В. Калинкина] |
|
| 210 |
_d1997 _aБ. м. |
||
| 215 |
_a335 с. _cил. |
||
| 300 | _aАвт. также на англ. яз.: L. Ron Hubbard | ||
| 461 | 0 |
_1001rc\145682 _12001#$aМиссия "Земля"$dMission "Earth"$e[Науч.-фантаст. роман$eПер. с англ.]$e[В 10 т.]$fЛ. Рон Хаббард$vЧ. 3 _1700#1$aХаббард$bЛ.Р.$gЛафайетт Рон$f1911-1986 |
|
| 510 | 0 | _aThe enemy within | |
| 801 | 0 |
_aRU _bNLR _gpsbo |
|
| 801 | 1 |
_aRU _bELAR _2rusmarc |
|
| 852 |
_aNLR _j97-3/1824 |
||
| 942 | _cBOOK | ||
| 980 | _aNB | ||